Opportunities and obstacles for Hungarian economic players along the roads being paved by 4th Industrial Revolution

Elmentve itt :
Bibliográfiai részletek
Szerzők: Megyeri Eszter
Somosi Sarolta
Dokumentumtípus: Cikk
Megjelent: 2019
Sorozat:INTERNATIONAL SCIENTIFIC JOURNAL INDUSTRY 4.0 4 No. 5
Tárgyszavak:
mtmt:30811067
Online Access:http://publicatio.bibl.u-szeged.hu/28537
LEADER 00882nab a2200205 i 4500
001 publ28537
005 20231031082016.0
008 231031s2019 hu o 0|| Angol d
022 |a 2534-8582 
024 7 |a 30811067  |2 mtmt 
040 |a SZTE Publicatio Repozitórium  |b hun 
041 |a Angol 
100 1 |a Megyeri Eszter 
245 1 0 |a Opportunities and obstacles for Hungarian economic players along the roads being paved by 4th Industrial Revolution  |h [elektronikus dokumentum] /  |c  Megyeri Eszter 
260 |c 2019 
300 |a 246-249 
490 0 |a INTERNATIONAL SCIENTIFIC JOURNAL INDUSTRY 4.0  |v 4 No. 5 
650 4 |a Közgazdasági és gazdálkodástudományok 
700 0 1 |a Somosi Sarolta  |e aut 
856 4 0 |u http://publicatio.bibl.u-szeged.hu/28537/1/i4-2019-5-246OpportunitiesandobstaclesforHungarianeconomicplayersalongtheroadsbeingpavedby4thIndustrialRevolution.pdf  |z Dokumentum-elérés